Techniques of Teaching Chemistry (Record no. 4190)
[ view plain ]
| 000 -LEADER | |
|---|---|
| fixed length control field | 00371nam a22001457a 4500 |
| 008 - FIXED-LENGTH DATA ELEMENTS--GENERAL INFORMATION | |
| fixed length control field | 250709b |||||||| |||| 00| 0 eng d |
| 020 ## - INTERNATIONAL STANDARD BOOK NUMBER | |
| ISBN | 818411057 |
| 100 ## - MAIN ENTRY--AUTHOR | |
| Author | Rao Venkata |
| 245 ## - TITLE STATEMENT | |
| Title | Techniques of Teaching Chemistry |
| 260 ## - PUBLICATION, DISTRIBUTION, ETC. (IMPRINT) | |
| Place of publication | New Delhi |
| Name of publisher | Sonali Publication |
| Date of publication | 2017 |
| 300 ## - COLLATION | |
| Pagination | 215p. |
| 650 ## - TRACINGS | |
| Main Subject | Chemistry- Technique |
| 942 ## - ADDED ENTRY ELEMENTS (KOHA) | |
| Item type | Books |
| 050 ## - LIBRARY OF CONGRESS CALL NUMBER | |
| Classification number | QD61 |
| Item number | .R36 |
| Source of classification or shelving scheme | Not for loan | Permanent location | Current location | Date acquired | Accession No. | Full call number | Barcode. | Koha item type |
|---|---|---|---|---|---|---|---|---|
| Library of Congress Classification | Samuel Ogbemudia Main Library, University of Abuja | Samuel Ogbemudia Main Library, University of Abuja | 07/09/2025 | 2023/61846 | QD61.R36 | 2025-2934 | Books | |
| Library of Congress Classification | Samuel Ogbemudia Main Library, University of Abuja | Samuel Ogbemudia Main Library, University of Abuja | 07/09/2025 | 2023/61846 | QD61.R36 | 2025-2935 | Books |